[Event "Challenge"]
[Site "http://www.queenalice.com/game.php?id=939140"]
[Date "2011.5.17"]
[Round "-"]
[White "FranzMeM"]
[Black "LOTRfanatic"]
[Result "1-0"]
[WhiteElo "1480"]
[BlackElo "1111"]

1. e4 e5 2. Bc4 d5 3. Bxd5 c6 4. Bxf7+ Kxf7 5. Qh5+ g6 6. Qxe5 Qe7 7. Qxe7+ Bxe7
8. h3 b5 9. Nf3 c5 10. O-O Nc6 11. a3 Be6 12. d3 Nf6 13. Ng5+ Ke8 14. Nxe6 Rc8
15. Bg5 Kd7 16. Bxf6 Bxf6 17. Nxc5+ Ke7 18. c3 Ne5 19. d4 Rhd8 20. Nd2 Nd3 21.
Nxd3 b4 22. axb4 a5 23. Rxa5 h5 24. Nf4 Bg5 25. Nxg6+ Kf6 26. Ra6+ 1-0

[Event "Challenge"]
[Site "http://www.queenalice.com/game.php?id=939683"]
[Date "2011.5.18"]
[Round "-"]
[White "soudeDeus"]
[Black "LOTRfanatic"]
[Result "1-0"]
[WhiteElo "1264"]
[BlackElo "1107"]

1. g3 e5 2. Bg2 Bc5 3. f3 e4 4. fxe4 Qf6 5. Nf3 d6 6. d4 Bb6 7. e5 dxe5 8. dxe5
Qf5 9. Qd3 Ba5+ 10. Kf2 Bb6+ 11. Be3 Qg4 12. Rd1 Bf5 13. Qd8# 1-0

[Event "Please let me win this one?"]
[Site "http://www.queenalice.com/game.php?id=940122"]
[Date "2011.5.19"]
[Round "-"]
[White "LOTRfanatic"]
[Black "cowgirl"]
[Result "1/2-1/2"]
[WhiteElo "1087"]
[BlackElo "1913"]

1. e4 e5 2. Nf3 Nc6 3. Nc3 d6 4. Bc4 Nf6 5. Ng5 d5 6. exd5 Na5 7. Nxf7 Kxf7 8.
d6+ Nxc4 9. dxc7 Qxc7 10. d3 Nb6 11. O-O Bb4 12. Nb5 Qd8 13. d4 Bf5 14. dxe5
Nfd5 15. g4 Be6 16. g5 g6 17. Qd4 a6 18. c3 axb5 19. cxb4 Bh3 20. Rd1 Rc8 21.
e6+ Ke7 22. Qh4 Bxe6 23. b3 h5 24. Bb2 Rf8 25. Bd4 Qd6 26. Bg7 Rf7 27. Bd4 Nxb4
28. Bxb6 Qxb6 29. Qxb4+ Qc5 30. Rd4 Qxb4 31. Rxb4 Rc5 32. Re1 Rff5 33. Rbe4 Rc6
34. Re5 Rxe5 35. Rxe5 Rc1+ 36. Kg2 Rc3 37. f4 h4 38. f5 h3+ 39. Kf2 gxf5 40. g6
Rc2+ 41. Kg3 Rc3+ 42. Kh4 f4 43. g7 f3 44. g8=Q Rc6 45. Qg7+ Kd6 46. Qg6 Kxe5
47. a4 bxa4 48. bxa4 f2 49. Qd3 Rc4+ 50. Kg3 Rf4 51. Qc3+ Kf5 52. Qc5+ Kf6 53.
Qc3+ Kf7 54. Qc7+ Kg6 55. Qxf4 Bb3 56. Qf3 Kg5 57. Qxf2 Be6 58. Qd2+ Kf6 59.
Qh6+ Ke5 60. Qh5+ Kd6 61. Qd1+ Kc5 62. Kf4 b6 63. Qf1 Bd7 64. Qf2+ Kc6 65. Qc2+
1/2-1/2

[Event "Challenge"]
[Site "http://www.queenalice.com/game.php?id=940505"]
[Date "2011.5.20"]
[Round "-"]
[White "soudeDeus"]
[Black "LOTRfanatic"]
[Result "1-0"]
[WhiteElo "1412"]
[BlackElo "1091"]

1. g3 e5 2. Bg2 Bc5 3. b3 Nc6 4. Bb2 b6 5. f4 Bb7 6. d4 Na5 7. Bxb7 Nxb7 8. dxc5
bxc5 9. fxe5 Na5 10. e6 dxe6 11. Bxg7 Qd5 12. Qxd5 exd5 13. Bxh8 O-O-O 14. Nh3
Nf6 15. Bxf6 Rd6 16. Rf1 Re6 17. Nc3 Re3 18. Nxd5 Kb7 19. Nxe3 1-0

[Event "Challenge"]
[Site "http://www.queenalice.com/game.php?id=941674"]
[Date "2011.5.23"]
[Round "-"]
[White "renet54"]
[Black "LOTRfanatic"]
[Result "1-0"]
[WhiteElo "1630"]
[BlackElo "1155"]

1. e4 e5 2. Nf3 Nc6 3. Bb5 Nf6 4. O-O Bc5 5. c3 a6 6. Ba4 Nxe4 7. d4 exd4 8. Re1
Qe7 9. Bg5 f6 10. Bh4 dxc3 11. Nxc3 O-O 12. Bb3+ d5 13. Bxd5+ Be6 14. Bxe6+ Qxe6
15. Nxe4 Rfd8 16. Qc2 Qg4 17. Bxf6 Rd5 18. h3 Qg6 19. Qc4 gxf6 20. Qxd5+ Qf7 21.
Qxc5 Qe7 22. Qd5+ Qf7 23. Nxf6+ Kf8 24. Qf5 Ne7 25. Nxh7+ Kg8 26. Nf6+ Kg7 27.
Qg5+ Ng6 28. Ne5 Qxf6 29. Qe3 Re8 30. Qa7 Rf8 31. Re2 Nf4 32. Nd7 Nxe2+ 33. Kh1
Qxb2 34. Re1 Rxf2 35. Qxf2 Qd2 36. Qf8+ Kh7 37. Nf6+ Kg6 38. Qe8+ Kxf6 39. Rf1+
Kg5 40. Qg8+ Kh4 41. Qg4# 1-0

[Event "Challenge"]
[Site "http://www.queenalice.com/game.php?id=942711"]
[Date "2011.5.26"]
[Round "-"]
[White "LOTRfanatic"]
[Black "swhatcher"]
[Result "1-0"]
[WhiteElo "1120"]
[BlackElo "1110"]

1. e4 e5 2. f3 d5 3. exd5 Qxd5 4. c4 Qd8 5. d3 f5 6. h4 g6 7. Bg5 Be7 8. Qa4+ c6
9. Nc3 Qb6 10. Nd5 Bd6 11. Nxb6 e4 12. Nxc8 Nd7 13. Nxd6+ Kf8 14. Qb4 exd3 15.
Bxd3 h6 16. Qxb7 Rb8 17. Qxd7 hxg5 18. Qf7# 1-0

[Event "Challenge"]
[Site "http://www.queenalice.com/game.php?id=948273"]
[Date "2011.6.10"]
[Round "-"]
[White "LOTRfanatic"]
[Black "roota"]
[Result "0-1"]
[WhiteElo "1142"]
[BlackElo "1405"]

1. e4 d5 2. exd5 Qxd5 3. c4 Qe4+ 4. Ne2 Qxc4 5. Nec3 Qe6+ 6. Qe2 Qxe2+ 7. Bxe2
Nc6 8. Bb5 Bd7 9. Bxc6 Bxc6 10. f3 e6 11. O-O Bb4 12. d4 O-O-O 13. Ne4 Bxe4 14.
fxe4 Rxd4 15. Be3 Rxe4 16. Rf3 Nf6 17. Nd2 Re5 18. Rc1 Ng4 19. Nc4 Rd5 20. Rxf7
Nxe3 21. Nxe3 Bc5 22. Kf2 Rd2+ 23. Ke1 Bxe3 24. Rcxc7+ Kb8 25. Rxb7+ Ka8 26.
Rxg7 Rc8 27. Rgc7 Rb8 28. Rxa7+ Bxa7 29. Kxd2 Rxb2+ 30. Kc1 Rxg2 31. Rc8+ Kb7
32. Rc2 Rxc2+ 33. Kxc2 e5 34. a4 e4 35. a5 e3 36. Kd3 Ka6 37. h4 Kxa5 38. h5 Kb6
39. Kxe3 Kc7+ 40. Kd3 Kd6 41. Ke4 h6 42. Kf5 Ke7 43. Kg6 Be3 44. Kh7 Kf6 45. Kh8
Kg5 0-1

[Event "EVIL GRIN! }:)"]
[Site "http://www.queenalice.com/game.php?id=950426"]
[Date "2011.6.16"]
[Round "-"]
[White "cowgirl"]
[Black "LOTRfanatic"]
[Result "1-0"]
[WhiteElo "1899"]
[BlackElo "1136"]

1. d4 Nf6 2. Nf3 Nc6 3. Nc3 e5 4. dxe5 Ng4 5. h3 Ngxe5 6. Nxe5 Nxe5 7. Bf4 Ng6
8. Bg3 Bd6 9. Bxd6 cxd6 10. Qxd6 Qb6 11. Qxb6 axb6 12. Nd5 O-O 13. Nxb6 Ra6 14.
Nc4 d5 15. Ne3 d4 16. Nc4 Re6 17. Rd1 Rfe8 18. Rxd4 b6 19. e3 Ba6 20. Bd3 Rf6
21. O-O b5 22. Nd6 Ree6 23. Nxb5 Rf5 24. Rd8+ Nf8 25. Nd4 h5 26. Nxf5 1-0

[Event "Challenge"]
[Site "http://www.queenalice.com/game.php?id=951071"]
[Date "2011.6.17"]
[Round "-"]
[White "jbugg"]
[Black "LOTRfanatic"]
[Result "1-0"]
[WhiteElo "1307"]
[BlackElo "1134"]

1. e4 e5 2. Nf3 d5 3. Nxe5 Bc5 4. Qf3 Nf6 5. Nc3 dxe4 6. Nxe4 Nxe4 7. Qxe4 Qf6
8. d4 Bf5 9. Qf4 g5 10. Bb5+ Nc6 11. Qf3 g4 12. Nxg4 Bxg4 13. Qxf6 O-O 14. Qg5+
Kh8 15. Qxg4 Rae8+ 16. Be3 Bxd4 17. O-O Ne5 18. Qxd4 c6 19. Be2 c5 20. Qxc5 b6
21. Qd4 f6 22. Bh5 Nc6 23. Qd7 Ne5 24. Qxa7 Ra8 25. Qxb6 Nd7 26. Qd4 Rg8 27.
Qxd7 Rad8 28. Qe7 Rg7 29. Qxf6 Rg8 30. Rfd1 Re8 31. Rd6 Re4 32. Rd8+ Re8 33.
Rxe8# 1-0

[Event "Challenge"]
[Site "http://www.queenalice.com/game.php?id=951400"]
[Date "2011.6.18"]
[Round "-"]
[White "LOTRfanatic"]
[Black "tche_elvio"]
[Result "0-1"]
[WhiteElo "1137"]
[BlackElo "1548"]

1. e4 e6 2. d4 d5 3. e5 c5 4. dxc5 Bxc5 5. Bb5+ Bd7 6. Qd3 Qc7 7. Bxd7+ Nxd7 8.
Qg3 Qxe5+ 9. Ne2 Ne7 10. Bg5 Nf5 11. Qg4 Nd4 12. Nc3 Nxc2+ 13. Kd2 Nxa1 14. Rxa1
Bxf2 15. Qb4 Qxg5+ 16. Kd1 Bc5 17. Qxb7 O-O 18. Qxd7 Qxg2 19. Nf4 Qf1+ 20. Kc2
Qxa1 21. Nd3 Qh1 22. Qc6 Qxh2+ 23. Kb3 Rab8+ 24. Nb5 Qd6 25. Qxc5 Qxc5 26. Nxc5
Rxb5+ 27. Ka4 Rxc5 0-1

[Event "Wee little friend who I love "]
[Site "http://www.queenalice.com/game.php?id=952421"]
[Date "2011.6.21"]
[Round "-"]
[White "LOTRfanatic"]
[Black "cowgirl"]
[Result "0-1"]
[WhiteElo "1144"]
[BlackElo "1903"]

1. e4 e5 2. Nf3 Nc6 3. d4 exd4 4. e5 Bc5 5. Nh4 Qxh4 6. g4 Nge7 7. Bc4 Nxe5 8.
Qd3 Nxd3+ 9. Bxd3 Qxg4 10. h3 Qg2 11. Rf1 d5 12. c4 Bxh3 13. Nd2 Bb4 14. a3
Bxd2+ 15. Bxd2 O-O 16. O-O-O Rfe8 17. Rh1 Qf3 18. Bb4 c6 19. cxd5 Nxd5 20. Be4
Rxe4 21. Rdg1 Bg2 22. Rh2 Nf4 23. Bd6 Ne2+ 24. Kc2 Nxg1 0-1

[Event "Challenge"]
[Site "http://www.queenalice.com/game.php?id=952430"]
[Date "2011.6.21"]
[Round "-"]
[White "LOTRfanatic"]
[Black "Juan72"]
[Result "0-1"]
[WhiteElo "1131"]
[BlackElo "1577"]

1. e4 c5 2. Bc4 e6 3. d3 Nc6 4. Nf3 Nge7 5. d4 b6 6. dxc5 bxc5 7. Bf4 d5 8. exd5
exd5 9. Bb5 Bb7 10. Ne5 Qb6 0-1

[Event "Challenge"]
[Site "http://www.queenalice.com/game.php?id=952819"]
[Date "2011.6.22"]
[Round "-"]
[White "anamchara"]
[Black "LOTRfanatic"]
[Result "1-0"]
[WhiteElo "1637"]
[BlackElo "1137"]

1. e4 e5 2. Nf3 d5 3. Nxe5 dxe4 4. Qh5 g6 5. Nxf7 Kxf7 6. Bc4+ Be6 7. Bxe6+ Kxe6
8. Qg4+ Kf7 9. Qxe4 Qe7 10. Nc3 Qg5 11. d3 Qf5 12. Qc4+ Qe6+ 13. Be3 Qxc4 14.
dxc4 Na6 15. a3 Re8 16. O-O-O Nf6 17. Bxa7 Ne4 18. Rhe1 1-0

[Event "Challenge"]
[Site "http://www.queenalice.com/game.php?id=952825"]
[Date "2011.6.22"]
[Round "-"]
[White "LOTRfanatic"]
[Black "Martial"]
[Result "0-1"]
[WhiteElo "1133"]
[BlackElo "1567"]

1. e4 e5 2. Nf3 Nc6 3. d4 Bd6 4. dxe5 Bxe5 5. Nxe5 Nxe5 6. Nc3 Nf6 7. f4 Nc6 8.
e5 Ng8 9. Qg4 g6 10. f5 Nxe5 11. Qe4 Qe7 12. f6 Nxf6 13. Nd5 Qd6 14. Nxf6+ Qxf6
15. Bf4 d6 16. O-O-O c6 17. Bxe5 Qg5+ 18. Bf4+ Qe7 19. Re1 Qxe4 20. Rxe4+ Kd7
0-1

[Event "Challenge"]
[Site "http://www.queenalice.com/game.php?id=953195"]
[Date "2011.6.23"]
[Round "-"]
[White "LOTRfanatic"]
[Black "cowgirl"]
[Result "0-1"]
[WhiteElo "1135"]
[BlackElo "1905"]

1. e4 e5 2. d4 exd4 3. e5 Nc6 4. b3 Nxe5 5. Qxd4 d6 6. Nf3 Nxf3+ 7. gxf3 Nf6 8.
Bd3 Bh3 9. Qe3+ Be7 10. Qg5 O-O 11. Rg1 g6 12. Qh6 Nh5 13. Rg5 Bxg5 14. Bxg5
Qe8+ 15. Kd1 f6 16. Bxf6 Rxf6 17. Bc4+ Be6 18. Na3 d5 19. Bd3 Rd8 20. c4 dxc4
21. bxc4 Rxd3+ 22. Kc2 Rxa3 0-1